Statistics for Scotland Rugby Union Team-Rugby World Cup 2019.

Click here to take the quiz!

General Stats

  • This quiz has been taken 46 times
  • The average score is 18 of 33

Answer Stats

PositionPlayerClub/Province% Correct
Fly-halfFinn RusselRacing 92
94%
FullbackStuart HoggExeter Chiefs
84%
LockJonny GrayGlasgow Warriors
81%
Scrum-halfGreig LaidlawASM Clermont
78%
Scrum-halfAli PriceGlasgow Warriors
72%
FullbackBlair KinghornEdinburgh
72%
Fly-halfAdam HastingsGlasgow Warriors
69%
Back rowHamish WatsonEdinburgh
66%
WingSean MaitlandSaracens
66%
PropW.P. NelEdinburgh
66%
PropZander FagersonGlasgow Warriors
66%
HookerFraser BrownGlasgow Warriors
63%
Scrum-halfGeorge HorneGlasgow Warriors
63%
CentrePeter HorneGlasgow Warriors
59%
WingDarcy GrahamEdinburgh
53%
Back rowJamie RitchieEdinburgh
53%
Back rowJohn BarclayEdinburgh
53%
HookerStuart Mac InallyEdinburgh
53%
CentreDuncan TaylorSaracens
50%
CentreChris HarrisGloucester
47%
LockGrant GilchristEdinburgh
47%
WingTommy SeymourGlasgow Warriors
47%
HookerGeorge TurnerGlasgow Warriors
44%
Back rowRyan WilsonGlasgow Warriors
44%
CentreSam JohnsonGlasgow Warriors
44%
PropGordon ReidAyrshire Bulls
41%
Back rowMagnus BradburyEdinburgh
34%
LockScott CummingsGlasgow Warriors
34%
LockBen ToolisEdinburgh
31%
Scrum-halfHenry PyrgosEdinburgh
31%
PropAllan DellLondon Irish
25%
Back rowBlade ThomsonScarlets
25%
PropSimon BerghanEdinburgh
16%

Score Distribution

Percentile by Number Answered

Percent of People with Each Score

Your Score History

You have not taken this quiz